|
|
|
|
| LEADER |
00000nam0a2200000 4500 |
| 001 |
339923 |
| 005 |
20231102005204.0 |
| 035 |
|
|
|a (RuTPU)RU\TPU\book\366467
|
| 090 |
|
|
|a 339923
|
| 100 |
|
|
|a 20180205d1966 km y0rusy50 ca
|
| 101 |
0 |
|
|a rus
|
| 102 |
|
|
|a RU
|
| 105 |
|
|
|a a z 000zy
|
| 200 |
1 |
|
|a Универсальный пластик (поливинилхлорид)
|f Н. П. Федоренко, Ю. Т. Лившиц
|
| 210 |
|
|
|a Москва
|c Наука
|d 1966
|
| 215 |
|
|
|a 119 с.
|c ил.
|
| 225 |
1 |
|
|a АН СССР. Научно-популярная серия
|
| 606 |
1 |
|
|a Полихлорвинил
|x Переработка
|x Деструкция
|2 stltpush
|3 (RuTPU)RU\TPU\subj\50514
|9 69181
|
| 610 |
1 |
|
|a сырье
|
| 610 |
1 |
|
|a мономеры
|
| 610 |
1 |
|
|a сополимеры
|
| 610 |
1 |
|
|a электроизоляционные материалы
|
| 610 |
1 |
|
|a защитные материалы
|
| 610 |
1 |
|
|a трубы
|
| 610 |
1 |
|
|a применение
|
| 610 |
1 |
|
|a строительство
|
| 675 |
|
|
|a 678.743.22
|v 4
|
| 700 |
|
1 |
|a Федоренко
|b Н. П.
|g Николай Прокофьевич
|
| 701 |
|
1 |
|a Лившиц
|b Ю. Т.
|g Юлий Тевелевич
|
| 801 |
|
1 |
|a RU
|b 63413507
|c 20180205
|
| 801 |
|
2 |
|a RU
|b 63413507
|c 20180205
|g RCR
|
| 942 |
|
|
|c BK
|